[Event "Kragero Resort Chess A 2019"]
[Site "Kragero"]
[Date "2019.02.22"]
[Round "5.25"]
[White "Bergsson, Stefan"]
[Black "Stray, Gunnar"]
[Result "1/2-1/2"]
[WhiteElo "2172"]
[BlackElo "1994"]
[Annotator "NA"]
[PlyCount "167"]
[EventDate "2019.02.20"]
[EventType "swiss"]
[EventCountry "NOR"]
[SourceTitle "playchess.com"]
[Source "ChessBase"]
[SourceQuality "1"]
[TimeControl "5400+30"]

1. e4 {[%emt 0:00:00]} c5 {[%emt 0:00:00]} 2. Nf3 {[%emt 0:00:00]} e6 {[%emt 0:00:00]} 3. d4 {[%emt 0:00:00]} cxd4 {[%emt 0:00:00]} 4. Nxd4 {[%emt 0:00:00]} Nc6 {[%emt 0:00:00]} 5. Nc3 {[%emt 0:00:00]} Qc7 {[%emt 0:00:00]} 6. Be3 {[%emt 0:00:02]} a6 {[%emt 0:00:05]} 7. f4 {[%emt 0:00:05]} d6 {[%emt 0:01:02]} 8. Qf3 {[%emt 0:00:07]} Nf6 {[%emt 0:00:26]} 9. O-O-O {[%emt 0:00:11]} Bd7 {[%emt 0:00:54]} 10. g4 {[%emt 0:03:57]} Nxd4 {[%emt 0:06:07]} 11. Bxd4 {[%emt 0:00:06]} Bc6 {[%emt 0:00:08] B82: Sicilian Scheveningen: 6 f4} 12. Bd3 $146 {[%emt 0:01:36]} ({Predecessor:} 12. g5 Nd7 13. Bh3 O-O-O 14. Rhe1 Kb8 15. Kb1 b5 16. a3 Re8 17. Qh5 Nc5 18. b4 Nb7 19. f5 {1-0 (35) Hernandez Montes,J (2266)-Zuluaga,C (2305) Medellin 2017}) 12... Nd7 {[%emt 0:05:30]} 13. Rhe1 {[%emt 0:03:29]} O-O-O {[%emt 0:01:39]} 14. Bf2 {[%emt 0:04:11]} g5 {[%emt 0:05:08]} 15. h4 {[%emt 0:02:38]} gxf4 {[%emt 0:01:25]} 16. Qxf4 {[%emt 0:00:00]} Ne5 {[%emt 0:00:40]} 17. Bf1 {[%emt 0:00:54]} Bg7 {[%emt 0:00:53]} 18. Kb1 {[%emt 0:04:07]} Rhg8 {[%emt 0:04:22]} 19. g5 {[%emt 0:01:00]} Rh8 {[%emt 0:07:13]} 20. Bd4 {[%emt 0:10:38]} Ng6 {[%emt 0:09:26]} 21. Qg3 {[%emt 0:00:17]} Be5 {[%emt 0:00:53]} 22. Qg4 {[%emt 0:01:04]} Bxd4 {[%emt 0:02:39]} 23. Rxd4 {[%emt 0:00:05]} Ne5 {[%emt 0:00:12]} 24. Qd1 {[%emt 0:03:39]} h6 {[%emt 0:01:16]} 25. gxh6 {[%emt 0:00:13]} Rxh6 {[%emt 0:00:33]} 26. h5 {[%emt 0:00:02]} Qe7 {[%emt 0:02:21]} 27. b4 {[%emt 0:04:05]} f5 {[%emt 0:09:06]} 28. b5 {[%emt 0:03:48]} axb5 {[%emt 0:01:42]} 29. Nxb5 {[%emt 0:04:20]} Bxb5 {[%emt 0:00:59]} 30. Bxb5 {[%emt 0:00:03]} f4 {[%emt 0:00:23]} 31. Ra4 {[%emt 0:02:43]} Nd7 {[%emt 0:05:45]} 32. Qd4 {[%emt 0:10:14]} Nc5 {[%emt 0:01:30]} 33. Ra8+ {[%emt 0:00:28]} Kc7 {[%emt 0:00:14]} 34. Rxd8 {[%emt 0:00:11]} Kxd8 {[%emt 0:00:20]} 35. e5 {[%emt 0:01:46]} d5 {[%emt 0:04:21]} 36. Rg1 {[%emt 0:01:05]} Qf8 {[%emt 0:02:41]} 37. Qb4 {[%emt 0:04:03]} Kc7 {[%emt 0:06:36]} 38. Be2 {[%emt 0:16:37]} Rh7 {[%emt 0:04:45]} 39. Rg6 {[%emt 0:02:22]} b6 {[%emt 0:00:47]} 40. Rf6 {[%emt 0:00:38]} Qg7 {[%emt 0:03:34]} 41. Qxf4 {[%emt 0:04:58]} Qg1+ {[%emt 0:01:39]} 42. Kb2 {[%emt 0:00:15]} Ne4 {[%emt 0:00:32]} 43. Rf7+ {[%emt 0:03:06]} Kc6 {[%emt 0:02:02]} 44. a3 {[%emt 0:08:40]} Qd4+ {[%emt 0:01:31]} 45. Kb3 {[%emt 0:02:59]} Qc3+ {[%emt 0:00:44]} 46. Ka2 {[%emt 0:00:06]} Qxc2+ {[%emt 0:00:11]} 47. Ka1 {[%emt 0:00:01]} Rxf7 {[%emt 0:02:43]} 48. Qxf7 {[%emt 0:00:08]} Qxe2 {[%emt 0:01:44]} 49. Qxe6+ {[%emt 0:00:14]} Kc5 {[%emt 0:00:26]} 50. Qe7+ {[%emt 0:01:01]} Kd4 {[%emt 0:00:38]} 51. Qb4+ {[%emt 0:00:34]} Kxe5 {[%emt 0:00:24]} 52. h6 {[%emt 0:00:48]} Qf1+ {[%emt 0:01:40]} 53. Kb2 {[%emt 0:00:25]} Qg2+ {[%emt 0:00:19]} 54. Kb3 {[%emt 0:01:15]} Qh3+ {[%emt 0:01:17]} (54... Nc5+ $142 55. Kc3 Qf2 56. Qb1 Ne4+ 57. Kb3 Nd2+ 58. Ka2 Nxb1+ 59. Kxb1 d4 60. h7 Qf5+ 61. Kc1 Qxh7 62. Kd2 Qb1 63. Ke2 Kf4 64. Kd2 Kf3 65. a4 Qb2+ 66. Kd1 Ke3 67. Ke1 Qe2#) 55. Ka4 {[%emt 0:00:10]} Qxh6 {[%emt 0:01:13]} 56. Kb5 {[%emt 0:00:05]} Qd6 {[%emt 0:01:11]} 57. Qb2+ {[%emt 0:00:08]} Ke6 {[%emt 0:00:15]} 58. Qg7 {[%emt 0:00:03]} Qc5+ {[%emt 0:00:39]} 59. Ka6 {[%emt 0:00:07]} Qa5+ {[%emt 0:01:40]} (59... Nd6 $142 60. Ka7 b5+ 61. Ka6 Qc6+ 62. Ka7 Qd7+ 63. Qxd7+ Kxd7 64. Kb6 d4 65. a4 bxa4 66. Kc5 d3 67. Kd5 d2 68. Kd4 a3 69. Kd5 a2 70. Kd4 d1=Q+ 71. Ke3 a1=Q 72. Kf2 Qg1+ 73. Kf3 Qaf1#) 60. Kb7 {[%emt 0:00:02]} Nd6+ {[%emt 0:00:24]} 61. Kb8 {[%emt 0:00:25]} Qxa3 {[%emt 0:01:06]} (61... Qc5 $142 62. Qg4+ Nf5 63. Qg8+ Ke5 64. Qh8+ Kf4 65. Qh2+ Kg5 66. Qd2+ Kf6 67. Qb2+ d4) 62. Qh7 $2 {[%emt 0:01:52]} (62. Qh6+ Kd7 63. Qg7+ Kc6 64. Qc7+ Kb5 65. Qc6+ Ka5 66. Qxb6+ Ka4 67. Qa6+ Kb3 68. Qd3+ Kb4 69. Qd4+ Nc4 70. Qxd5) 62... Qc5 {[%emt 0:00:35]} 63. Qg6+ {[%emt 0:00:17]} Ke5 {[%emt 0:00:22]} 64. Qh5+ {[%emt 0:00:07]} Kd4 {[%emt 0:00:18]} 65. Qd1+ {[%emt 0:00:07]} Kc4 {[%emt 0:00:24]} 66. Qa4+ {[%emt 0:00:12]} Qb4 {[%emt 0:01:20]} 67. Qc6+ {[%emt 0:00:06]} Kd4 {[%emt 0:00:21]} 68. Qc1 {[%emt 0:00:31]} Qc4 {[%emt 0:00:30]} 69. Qg1+ {[%emt 0:00:24]} Ke5 {[%emt 0:00:54]} 70. Qg7+ {[%emt 0:01:39]} Ke6 {[%emt 0:01:10]} 71. Qg6+ {[%emt 0:00:18]} Ke7 {[%emt 0:00:14]} 72. Qg5+ {[%emt 0:00:19]} Ke6 $2 {[%emt 0:01:07]} ({Black should try} 72... Kd7 $19 73. Qg7+ Kc6 74. Qc7+ Kb5 75. Qxd6 d4 76. Qe5+ (76. Qd7+ Kb4) 76... Ka4) 73. Qg6+ $1 {[%emt 0:00:26]} Ke5 $11 {[%emt 0:00:35]} (73... Kd7 $19) 74. Qg7+ {[%emt 0:02:18]} Kf5 {[%emt 0:00:38]} 75. Qh7+ {[%emt 0:01:21]} Kg4 {[%emt 0:00:11]} 76. Qg6+ {[%emt 0:00:22]} Kf3 {[%emt 0:00:30]} 77. Qh5+ {[%emt 0:00:25]} Kg3 {[%emt 0:00:36]} 78. Qg5+ {[%emt 0:00:17]} Qg4 {[%emt 0:00:39]} 79. Qxd5 {[%emt 0:00:52]} Qc8+ {[%emt 0:00:24]} 80. Ka7 {[%emt 0:00:04]} Qc7+ {[%emt 0:00:43]} 81. Ka6 {[%emt 0:00:49]} Qc8+ {[%emt 0:00:35]} 82. Kxb6 {[%emt 0:00:54]} Qb7+ {[%emt 0:00:21]} 83. Qxb7 {[%emt 0:00:09]} Nxb7 {[%emt 0:00:03]} 84. Kxb7 {[%emt 0:00:07]} 1/2-1/2

[Event "Kragero Resort Chess A 2019"]
[Site "Kragero"]
[Date "2019.02.22"]
[Round "5.26"]
[White "Sebastian, Andreas"]
[Black "Rishovd, Svein"]
[Result "0-1"]
[WhiteElo "1962"]
[BlackElo "2116"]
[Annotator "NA"]
[PlyCount "32"]
[EventDate "2019.02.20"]
[EventType "swiss"]
[EventCountry "NOR"]
[SourceTitle "playchess.com"]
[Source "ChessBase"]
[SourceQuality "1"]
[TimeControl "5400+30"]

1. d4 {[%emt 0:00:00]} d5 {[%emt 0:00:00]} 2. Nc3 {[%emt 0:00:00]} e6 {[%emt 0:00:22]} 3. Bf4 {[%emt 0:00:00]} Nf6 {[%emt 0:01:36]} 4. e3 {[%emt 0:00:06]} Be7 {[%emt 0:03:54]} 5. Nb5 {[%emt 0:00:19]} Na6 {[%emt 0:00:13]} 6. Nf3 {[%emt 0:00:25]} O-O {[%emt 0:01:15]} 7. Bd3 {[%emt 0:00:20]} c6 {[%emt 0:02:54]} 8. Nc3 {[%emt 0:00:05]} Nb4 {[%emt 0:00:58]} 9. Be2 {[%emt 0:01:08]} c5 {[%emt 0:01:09]} 10. Ne5 {[%emt 0:02:00]} Nc6 {[%emt 0:02:42]} 11. g4 {[%emt 0:11:40]} cxd4 {[%emt 0:04:03]} 12. exd4 {[%emt 0:00:37]} Qb6 {[%emt 0:06:14]} 13. Nxc6 {[%emt 0:10:17]} bxc6 {[%emt 0:00:45]} 14. Rb1 {[%emt 0:01:32]} Ba6 {[%emt 0:04:58]} 15. Be5 {[%emt 0:02:24]} Nd7 {[%emt 0:02:47]} 16. Bc7 {[%emt 0:04:03]} Bxe2 {[%emt 0:02:17]} 0-1

[Event "Kragero Resort Chess A 2019"]
[Site "Kragero"]
[Date "2019.02.22"]
[Round "5.27"]
[White "Nilsen, Jarle"]
[Black "Kizatbay, Abyl"]
[Result "0-1"]
[WhiteElo "1845"]
[BlackElo "2084"]
[Annotator "NA"]
[PlyCount "82"]
[EventDate "2019.02.20"]
[EventType "swiss"]
[EventCountry "NOR"]
[SourceTitle "playchess.com"]
[Source "ChessBase"]
[SourceQuality "1"]
[TimeControl "5400+30"]

1. d4 {[%emt 0:00:00]} Nf6 {[%emt 0:00:00]} 2. c4 {[%emt 0:00:00]} g6 {[%emt 0:00:00]} 3. Nc3 {[%emt 0:00:00]} d5 {[%emt 0:00:00]} 4. Bg5 {[%emt 0:00:00]} Ne4 {[%emt 0:01:25]} 5. Nf3 {[%emt 0:01:28]} Nxg5 {[%emt 0:01:01]} 6. Nxg5 {[%emt 0:00:03]} Bg7 {[%emt 0:09:52]} 7. e3 {[%emt 0:02:43]} O-O {[%emt 0:03:05]} 8. Be2 {[%emt 0:03:42]} e5 {[%emt 0:04:54]} 9. Nf3 {[%emt 0:02:59]} exd4 {[%emt 0:06:51]} 10. exd4 {[%emt 0:01:19]} dxc4 {[%emt 0:00:28]} 11. O-O {[%emt 0:04:33]} Nc6 {[%emt 0:03:01]} 12. d5 {[%emt 0:02:37]} Ne5 {[%emt 0:01:05]} 13. Nxe5 {[%emt 0:10:11]} Bxe5 {[%emt 0:00:03]} 14. f4 {[%emt 0:00:39]} Bg7 {[%emt 0:00:52]} 15. Bxc4 {[%emt 0:01:03]} Bf5 {[%emt 0:02:40]} 16. Qb3 {[%emt 0:08:36]} c6 {[%emt 0:09:13]} 17. Rad1 {[%emt 0:02:06]} cxd5 {[%emt 0:03:57]} 18. Nxd5 {[%emt 0:03:14]} Bg4 {[%emt 0:03:06]} 19. Rd2 {[%emt 0:06:28]} Qa5 {[%emt 0:02:24]} 20. Qd3 {[%emt 0:13:49]} Qc5+ {[%emt 0:03:26]} 21. Kh1 {[%emt 0:01:24]} Bf5 {[%emt 0:10:58]} 22. Qb3 {[%emt 0:01:43]} Rfd8 {[%emt 0:02:10]} 23. Rfd1 {[%emt 0:04:55]} Kh8 {[%emt 0:03:03]} 24. Be2 {[%emt 0:05:06]} b6 {[%emt 0:05:36]} 25. Bf3 {[%emt 0:04:33]} Rac8 {[%emt 0:00:46]} 26. h3 {[%emt 0:04:03]} Bc2 {[%emt 0:02:06]} 27. Rxc2 {[%emt 0:07:20]} Qxc2 {[%emt 0:00:10]} 28. Qa3 {[%emt 0:00:17]} Rd7 {[%emt 0:05:58]} 29. b3 {[%emt 0:03:05]} Rcd8 {[%emt 0:02:26]} 30. Qa4 {[%emt 0:01:03]} h6 {[%emt 0:01:43]} 31. Qb5 {[%emt 0:02:13]} Qxd1+ {[%emt 0:02:25]} 32. Bxd1 {[%emt 0:00:26]} Rxd5 {[%emt 0:00:03]} 33. Qc4 {[%emt 0:00:57]} Rxd1+ {[%emt 0:00:07]} 34. Kh2 {[%emt 0:00:01]} Kg8 {[%emt 0:00:57]} 35. h4 {[%emt 0:00:18]} h5 {[%emt 0:00:50]} 36. a4 {[%emt 0:01:17]} R1d2 {[%emt 0:00:48]} 37. Qe4 {[%emt 0:00:27]} Rb2 {[%emt 0:01:04]} 38. f5 {[%emt 0:00:17]} Rdd2 {[%emt 0:00:39]} 39. Qe8+ {[%emt 0:00:25]} Bf8 {[%emt 0:00:21]} 40. fxg6 {[%emt 0:00:27]} Rxg2+ {[%emt 0:00:08]} 41. Kh1 {[%emt 0:00:54]} fxg6 {[%emt 0:01:31]} 0-1

[Event "Kragero Resort Chess A 2019"]
[Site "Kragero"]
[Date "2019.02.22"]
[Round "5.28"]
[White "Sidali, Elias Hulleberg"]
[Black "Jonsson, Gauti Pall"]
[Result "1/2-1/2"]
[WhiteElo "1840"]
[BlackElo "2070"]
[Annotator "NA"]
[PlyCount "87"]
[EventDate "2019.02.20"]
[EventType "swiss"]
[EventCountry "NOR"]
[SourceTitle "playchess.com"]
[Source "ChessBase"]
[SourceQuality "1"]
[TimeControl "5400+30"]

1. e4 {[%emt 0:00:00]} c5 {[%emt 0:00:00]} 2. Nf3 {[%emt 0:00:00]} g6 {[%emt 0:00:02]} 3. d4 {[%emt 0:00:00]} cxd4 {[%emt 0:00:20]} 4. Qxd4 {[%emt 0:00:00]} Nf6 {[%emt 0:00:17]} 5. Nc3 {[%emt 0:00:00]} Nc6 {[%emt 0:00:23]} 6. Qa4 {[%emt 0:00:06]} d6 {[%emt 0:00:58]} 7. e5 {[%emt 0:00:04]} dxe5 {[%emt 0:00:30]} 8. Nxe5 {[%emt 0:00:02]} Bg7 {[%emt 0:00:50]} 9. Bb5 {[%emt 0:00:59]} O-O {[%emt 0:00:17]} 10. Nxc6 {[%emt 0:00:28]} bxc6 {[%emt 0:00:36]} 11. Bxc6 {[%emt 0:00:41]} Rb8 {[%emt 0:00:21]} 12. O-O {[%emt 0:00:16]} Qc7 {[%emt 0:01:31]} 13. Nd5 {[%emt 0:04:55]} Nxd5 {[%emt 0:02:44]} 14. Bxd5 {[%emt 0:00:02]} Be5 {[%emt 0:03:22]} 15. h3 {[%emt 0:01:42]} Bf5 {[%emt 0:01:26]} 16. Bb3 {[%emt 0:04:05]} Rfd8 {[%emt 0:03:03]} 17. c3 {[%emt 0:02:29]} Rd6 {[%emt 0:07:45]} 18. Re1 {[%emt 0:00:38]} Bh2+ {[%emt 0:04:50]} 19. Kh1 {[%emt 0:00:07]} Rbd8 {[%emt 0:02:13]} 20. Qc4 {[%emt 0:02:44]} Qxc4 {[%emt 0:07:21]} 21. Bxc4 {[%emt 0:00:04]} Rc6 {[%emt 0:00:36]} 22. Kxh2 {[%emt 0:01:01]} Rxc4 {[%emt 0:00:32]} 23. Rxe7 {[%emt 0:00:07]} a5 {[%emt 0:00:44]} 24. Re5 {[%emt 0:04:45]} a4 {[%emt 0:00:46]} 25. Bh6 {[%emt 0:00:48]} Be6 {[%emt 0:02:31]} 26. Re3 {[%emt 0:02:29]} Rc5 {[%emt 0:01:12]} 27. Re4 {[%emt 0:00:09]} Rb5 {[%emt 0:01:06]} 28. Rb4 {[%emt 0:01:43]} Ra5 {[%emt 0:04:35]} 29. Be3 {[%emt 0:00:08]} Rd3 {[%emt 0:01:21]} 30. a3 {[%emt 0:02:34]} Bb3 {[%emt 0:01:15]} 31. Rd4 {[%emt 0:00:58]} Rd5 {[%emt 0:00:34]} 32. Rxd3 {[%emt 0:01:11]} Rxd3 {[%emt 0:00:09]} 33. Rc1 {[%emt 0:00:09]} Bc4 {[%emt 0:00:14]} 34. Rc2 {[%emt 0:01:02]} h5 {[%emt 0:02:44]} 35. Rd2 {[%emt 0:00:06]} Rxd2 {[%emt 0:00:20]} 36. Bxd2 {[%emt 0:00:05]} Kf8 {[%emt 0:00:30]} 37. Kg3 {[%emt 0:00:07]} Ke7 {[%emt 0:00:19]} 38. Kf4 {[%emt 0:00:15]} Kd6 {[%emt 0:00:23]} 39. h4 {[%emt 0:01:18]} Bd5 {[%emt 0:05:15]} 40. g3 {[%emt 0:00:23]} Kc5 {[%emt 0:00:20]} 41. c4 {[%emt 0:03:18]} Kxc4 {[%emt 0:00:51]} 42. f3 {[%emt 0:00:10]} Kd3 {[%emt 0:00:21]} 43. Bc3 {[%emt 0:00:06]} Ke2 {[%emt 0:00:42]} 44. Bf6 {[%emt 0:00:09]} 1/2-1/2

[Event "Kragero Resort Chess A 2019"]
[Site "Kragero"]
[Date "2019.02.22"]
[Round "5.29"]
[White "Flasen, Aleksander"]
[Black "Schouten, Mathias Lind"]
[Result "1-0"]
[WhiteElo "2036"]
[BlackElo "1943"]
[Annotator "NA"]
[PlyCount "47"]
[EventDate "2019.02.20"]
[EventType "swiss"]
[EventCountry "NOR"]
[SourceTitle "playchess.com"]
[Source "ChessBase"]
[SourceQuality "1"]
[TimeControl "5400+30"]

1. e4 {[%emt 0:00:00]} e6 {[%emt 0:00:00]} 2. Nf3 {[%emt 0:00:00]} d5 {[%emt 0:00:02]} 3. Nc3 {[%emt 0:00:03]} Nf6 {[%emt 0:00:35]} 4. e5 {[%emt 0:00:16]} Nfd7 {[%emt 0:00:07]} 5. d4 {[%emt 0:00:25]} c5 {[%emt 0:00:07]} 6. dxc5 {[%emt 0:00:30]} Bxc5 {[%emt 0:01:36]} 7. Bd3 {[%emt 0:00:42]} Nc6 {[%emt 0:00:20]} 8. Bf4 {[%emt 0:00:11]} Qb6 {[%emt 0:03:13]} 9. O-O {[%emt 0:01:58]} Qxb2 {[%emt 0:02:56]} 10. Nb5 {[%emt 0:01:56]} O-O {[%emt 0:02:27]} 11. Bxh7+ {[%emt 0:06:38]} Kxh7 {[%emt 0:00:10]} 12. Ng5+ {[%emt 0:03:28]} Kg6 {[%emt 0:00:06]} 13. Qd3+ {[%emt 0:01:18]} f5 {[%emt 0:01:38]} 14. exf6+ {[%emt 0:01:34]} Kxf6 {[%emt 0:00:09]} 15. Rfb1 {[%emt 0:01:39]} Nb4 {[%emt 0:01:29]} 16. Qe2 {[%emt 0:03:47]} Qxb1+ {[%emt 0:04:04]} 17. Rxb1 {[%emt 0:00:09]} e5 {[%emt 0:01:16]} 18. Nh7+ {[%emt 0:01:18]} Kf7 {[%emt 0:01:00]} 19. Nxf8 {[%emt 0:00:29]} exf4 {[%emt 0:00:04]} 20. Nxd7 {[%emt 0:01:41]} Bxd7 {[%emt 0:00:04]} 21. c3 {[%emt 0:05:54]} Bf5 {[%emt 0:04:26]} 22. cxb4 {[%emt 0:01:49]} Bxb1 {[%emt 0:00:26]} 23. bxc5 {[%emt 0:00:08]} Kf8 {[%emt 0:00:52]} 24. Nd6 {[%emt 0:00:56]} 1-0

[Event "Kragero Resort Chess A 2019"]
[Site "Kragero"]
[Date "2019.02.22"]
[Round "5.30"]
[White "Heimisson, Hilmir Freyr"]
[Black "Tunsjo, Axel"]
[Result "1-0"]
[WhiteElo "2394"]
[BlackElo "1937"]
[Annotator "NA"]
[PlyCount "86"]
[EventDate "2019.02.20"]
[EventType "swiss"]
[EventCountry "NOR"]
[SourceTitle "playchess.com"]
[Source "ChessBase"]
[SourceQuality "1"]
[TimeControl "5400+30"]

1. Nf3 {[%emt 0:00:00]} Nf6 {[%emt 0:00:00]} 2. c4 {[%emt 0:00:00]} e6 {[%emt 0:00:13]} 3. Nc3 {[%emt 0:00:45]} d5 {[%emt 0:06:47]} 4. d4 {[%emt 0:00:09]} dxc4 {[%emt 0:03:07]} 5. e4 {[%emt 0:00:30]} Bb4 {[%emt 0:00:05]} 6. Bxc4 {[%emt 0:00:31]} c5 {[%emt 0:11:56]} 7. O-O {[%emt 0:08:16]} cxd4 {[%emt 0:01:10]} 8. Nxd4 {[%emt 0:00:24]} O-O {[%emt 0:10:53]} 9. Bg5 {[%emt 0:02:43]} Be7 {[%emt 0:02:34]} 10. e5 {[%emt 0:09:50]} Nfd7 {[%emt 0:01:17]} 11. Bf4 {[%emt 0:01:18]} a6 {[%emt 0:06:05]} 12. a4 {[%emt 0:03:33]} Nc6 {[%emt 0:06:43]} 13. Nxc6 {[%emt 0:05:51]} bxc6 {[%emt 0:00:03]} 14. Qg4 {[%emt 0:05:07]} Kh8 {[%emt 0:03:50]} 15. Rfd1 {[%emt 0:00:56]} Qa5 {[%emt 0:00:32]} 16. Qe2 {[%emt 0:06:49]} Nb6 {[%emt 0:09:06]} 17. Bd3 {[%emt 0:10:08]} Bd7 {[%emt 0:11:44]} 18. Qe4 {[%emt 0:05:38]} g6 {[%emt 0:00:46]} 19. Bh6 {[%emt 0:07:02]} Rfd8 {[%emt 0:01:31]} 20. Qf4 {[%emt 0:00:42]} Be8 {[%emt 0:03:57]} 21. Be4 {[%emt 0:02:34]} Nd5 {[%emt 0:00:59]} 22. Bxd5 {[%emt 0:02:39]} cxd5 {[%emt 0:00:08]} 23. Bg5 {[%emt 0:00:25]} Bxg5 {[%emt 0:06:01]} 24. Qxg5 {[%emt 0:00:02]} Rdc8 {[%emt 0:01:06]} 25. Qh6 {[%emt 0:04:31]} Bc6 {[%emt 0:00:57]} 26. Rd4 {[%emt 0:00:23]} Qd8 {[%emt 0:00:21]} 27. Rh4 {[%emt 0:02:38]} Qg8 {[%emt 0:00:07]} 28. Rd1 {[%emt 0:00:03]} Qg7 {[%emt 0:01:12]} 29. Qe3 {[%emt 0:01:02]} Rab8 {[%emt 0:00:49]} 30. b4 {[%emt 0:00:14]} f6 {[%emt 0:05:52]} 31. exf6 {[%emt 0:08:58]} Qxf6 {[%emt 0:00:01]} 32. Qh3 Qf7 {[%emt 0:00:36]} 33. Qd3 {[%emt 0:01:52]} Bb7 {[%emt 0:01:19]} 34. b5 {[%emt 0:02:03]} axb5 {[%emt 0:00:13]} 35. Nxb5 {[%emt 0:00:30]} Ba6 {[%emt 0:00:32]} 36. Nd6 {[%emt 0:03:33]} Bxd3 {[%emt 0:00:10]} 37. Nxf7+ {[%emt 0:00:03]} Kg7 {[%emt 0:00:06]} 38. Ng5 {[%emt 0:00:06]} Bc2 {[%emt 0:01:52]} 39. Rxh7+ {[%emt 0:02:40]} Kf6 {[%emt 0:00:52]} 40. f4 {[%emt 0:00:30]} Rf8 {[%emt 0:00:03]} 41. Re1 {[%emt 0:00:56]} Rbe8 {[%emt 0:01:10]} 42. Rc7 {[%emt 0:00:10]} Bxa4 {[%emt 0:02:45]} 43. g4 {[%emt 0:00:26]} Rh8 {[%emt 0:01:01]} 1-0

[Event "Kragero Resort Chess A 2019"]
[Site "Kragero"]
[Date "2019.02.22"]
[Round "5.31"]
[White "Gonzalez, Francisco Silva"]
[Black "Albzour, Abdalsalam"]
[Result "1-0"]
[WhiteElo "2142"]
[BlackElo "1869"]
[Annotator "NA"]
[PlyCount "49"]
[EventDate "2019.02.20"]
[EventType "swiss"]
[EventCountry "NOR"]
[SourceTitle "playchess.com"]
[Source "ChessBase"]
[SourceQuality "1"]
[TimeControl "5400+30"]

1. d4 {[%emt 0:03:17]} c6 {[%emt 0:06:11]} 2. c4 {[%emt 0:00:35]} e6 {[%emt 0:00:56]} 3. Nc3 {[%emt 0:00:25]} d5 {[%emt 0:00:50]} 4. e3 {[%emt 0:00:16]} Nf6 {[%emt 0:00:27]} 5. Nf3 {[%emt 0:00:17]} Be7 {[%emt 0:00:05]} 6. Bd3 {[%emt 0:00:32]} h6 {[%emt 0:00:48]} 7. O-O {[%emt 0:00:48]} O-O {[%emt 0:01:00]} 8. e4 {[%emt 0:00:20]} dxe4 {[%emt 0:00:43]} 9. Nxe4 {[%emt 0:00:13]} Nxe4 {[%emt 0:01:46]} 10. Bxe4 {[%emt 0:00:07]} Nd7 {[%emt 0:00:31]} 11. Qe2 {[%emt 0:02:31]} Nf6 {[%emt 0:00:37]} 12. Bc2 {[%emt 0:00:10]} c5 {[%emt 0:03:26]} 13. Rd1 {[%emt 0:00:48]} cxd4 {[%emt 0:00:25]} 14. Nxd4 {[%emt 0:00:35]} Qc7 {[%emt 0:01:45]} 15. Rd3 {[%emt 0:02:25]} Rd8 {[%emt 0:10:43]} 16. Nb5 {[%emt 0:00:09]} Qc5 {[%emt 0:00:53]} 17. Be3 {[%emt 0:03:41]} Qe5 {[%emt 0:02:00]} 18. f4 {[%emt 0:02:08]} Qb8 {[%emt 0:05:38]} 19. g4 {[%emt 0:08:56]} Kf8 {[%emt 0:12:55]} 20. g5 {[%emt 0:01:40]} hxg5 {[%emt 0:00:56]} 21. fxg5 {[%emt 0:00:13]} Rxd3 {[%emt 0:00:26]} 22. gxf6 {[%emt 0:02:48]} Bxf6 {[%emt 0:04:46]} 23. Bc5+ {[%emt 0:00:10]} Kg8 {[%emt 0:00:53]} 24. Qxd3 {[%emt 0:00:08]} g6 {[%emt 0:00:30]} 25. Bd6 {[%emt 0:00:07]} 1-0

[Event "Kragero Resort Chess A 2019"]
[Site "Kragero"]
[Date "2019.02.23"]
[Round "6.1"]
[White "Notkevich, Benjamin Arvola"]
[Black "Beerdsen, Thomas"]
[Result "1/2-1/2"]
[WhiteElo "2498"]
[BlackElo "2454"]
[Annotator "TA"]
[PlyCount "102"]
[EventDate "2019.02.20"]
[EventType "swiss"]
[EventCountry "NOR"]
[SourceTitle "playchess.com"]
[Source "ChessBase"]
[SourceQuality "1"]

{[%evp 21,102,30,42,45,44,43,56,33,44,38,40,42,51,0,52,39,72,55,78,29,22,31,25,27,44,37,30,0,2,10,121,132,122,125,98,107,148,131,156,18,14,11,12,14,9,12,21,14,168,0,5,-76,0,0,0,-79,-43,-39,-40,-106,-96,-95,-17,-17,-21,-23,-14,-21,0,0,0,0,0,-7,-7,-7,0,0,0,0,0,-3,0]} 1. e4 c5 2. Nf3 e6 3. d4 cxd4 4. Nxd4 Nc6 5. Nb5 d6 6. c4 Nf6 7. N1c3 a6 8. Na3 Be7 9. Be2 O-O 10. O-O Qc7 11. Be3 b6 12. Rc1 {B44: Sicilian: Taimanov: 5 Nb5} Qb8 (12... Ne5 13. f4 Ned7 14. Bf3 Bb7 15. g4 h6 16. h4 Nh7 17. h5 Rfc8 18. Qe2 e5 19. f5 Qd8 {½-½ (30) Czarnota,P (2529)-Stachowiak,K (2448) Legnica 2014}) 13. f4 Rd8 14. Bf3 {White is slightly better.} Nd7 $146 ({Predecessor:} 14... Ra7 15. Qe1 Rc7 16. Qf2 Nd7 17. Rfd1 Nc5 18. Rd2 Bb7 19. Rcd1 Rcc8 {0-1 (41) Braeutigam,T (2093)-Schindler,V (2142) Bayern 2004}) 15. Qe2 Bb7 16. Rfd1 Bf6 17. g4 (17. Rc2 $14) 17... g6 (17... h6 $11) 18. Qg2 Nb4 19. Nab1 Bg7 20. e5 Bxf3 21. Qxf3 dxe5 22. a3 e4 $1 {[%cal Re4f3]} 23. Nxe4 Nc6 24. Nbc3 Na5 $1 25. Nd6 Ra7 (25... Nf8 $1 $11) 26. b4 $1 $16 {[%cal Rb4a5]} Nb3 {[#]} 27. Rb1 $1 {[%cal Rb1b3]} Bxc3 28. Rxb3 Bg7 29. Rbd3 {Black must now prevent Ne4.} Nf6 30. Ne4 (30. Qc6 $16 Nd5 31. Nxf7 (31. cxd5 Rxd6 32. Qc4 exd5 $11) 31... Rxf7 32. Qxe6 {[%mdl 64] Pin} (32. cxd5 Rd6 $16)) 30... Rxd3 $11 31. Rxd3 Rc7 32. f5 Nxe4 33. Qxe4 exf5 34. gxf5 {Strongly threatening Bf4.} gxf5 $2 {[#]} (34... Qc8 $11 {and Black has nothing to worry.}) 35. Qxf5 $2 (35. Qh4 $1 $18 f6 36. c5 bxc5 37. Qc4+ Rf7 38. Bxc5) 35... Rxc4 36. Bg5 (36. Qg5 $11 {remains equal.} Qf8 37. Bxb6) 36... Rd4 ({Better is} 36... Bd4+ $17 37. Be3 Bxe3+ 38. Rxe3 Rc6) 37. Rg3 $1 Rd1+ 38. Kg2 (38. Kf2 $1 $11 Kf8 39. Be3) 38... Qb7+ 39. Kh3 {Hoping for Bf6.} Rd5 40. Qe4 (40. Qg4 $15 f5 41. Qf4) 40... Qd7+ 41. Kg2 Qe6 (41... Kh8 $17) 42. Qxe6 fxe6 {[%mdl 4096] Endgame KRB-KRB} 43. Bh6 Rd7 44. Kf2 {The position is equal.} Kf8 45. Bxg7+ Rxg7 {KR-KR} 46. Rc3 Rb7 47. Ke3 Ke7 48. Ke4 Kd6 49. Rd3+ Kc6 50. Ke5 Kb5 51. Kxe6 Rg7 {Accuracy: White = 53%, Black = 55%.} 1/2-1/2